000
00339nam a22001577a 4500
003
SGT
020
_a
9788176370110
082
_a
615.
_b
C22S
100
_a
SHARMA, P. V.
245
_a
CARAKA SAMHITA
260
_a
VARANASI
_b
CHAUKHAMBHA, PUB.
_c
2022
300
_a
312
650
_a
SAMHITA
653
_a
SAMHITA CARAKA
942
_2
ddc
_c
BK
999
_c
24285
_d
24285